000 01065nam a2200277 a 4500
001 BRCA_4812
005 20190320204822.0
008 040216s2003 sp-a######---#001-0#spa-#
020 _a8488333765
041 _aspa
044 _asp
050 4 _aPQ6073
_b.V37 2003
100 1 _aVarela Olea, Ma. Ángeles
_912191
245 1 0 _aDon Quijote, mitologema nacional
_b(literatura y política entre la Septembrina y la II República)
_cMa. Ángeles Varela Olea.
260 _aEspaña
_bCentro de Estudios Cervantinos
_c2003
300 _a149 p.
_bil.
_c22 cm.
440 0 _aBiblioteca de Estudios Cervantinos
_v13
_912192
500 _aIncluye índice de autores, obras y materias
504 _aBibliografía: p. [127]-131
600 1 4 _aCervantes Saavedra, Miguel de
_d1547-1616
_xInfluencia
_912193
600 1 4 _aCervantes Saavedra, Miguel de
_d1547-1616
_tDon Quixote
_912111
650 1 4 _aPolítica y literatura
_xHistoria
_ySiglo XIX
_zEspaña
_912194
650 1 4 _aLiteratura española
_xHistoria y crítica
_ySiglo XIX-XX
_912195
902 _aCERV
942 _2lcc
_cB
999 _c4508
_d4508